Kompresia animácie 3D modelu na základe kostry a displacement textúry

Saved in:
Bibliographic Details
Main Author: Fúsek, Andrej (Author)
Other Authors: Madaras, Martin (Thesis advisor)
Format: Manuscript Book
Language:Slovak
English
Published: 2020
Subjects:
Online Access:http://is.stuba.sk/zp/portal_zp.pl?podrobnosti=151419
Tags: Add Tag
No Tags, Be the first to tag this record!

MARC

LEADER 00000ntm a22000003a 4500
001 stuzp80687
003 SK-STU
005 20200613212951.7
007 ta
008 150427s2015----xo-----f-mn---000-0-slo-d
040 |a STU  |b slo 
041 0 |a eng 
100 1 |a Fúsek, Andrej  |u 070400  |k Z4  |4 aut  |U FIIT Fakulta informatiky a informačných technológií  |T FIIT Ústav počítačového inžinierstva a aplikovanej informatiky  |X 79522  |U I400  |Y 672  |7 79522 
242 0 1 |a Kompresia animácie 3D modelu na základe kostry a displacement textúry  |y slo 
245 1 0 |a Kompresia animácie 3D modelu na základe kostry a displacement textúry 
260 |c 2020 
650 4 |a parametrizácia  |2 slo 
650 4 |a kostra  |2 slo 
650 4 |a 3D počítačová grafika  |2 slo 
650 4 |a animácia  |2 slo 
650 4 |a parametrization  |2 eng 
650 4 |a skeleton  |2 eng 
650 4 |a 3D computer graphics  |2 eng 
650 4 |a animation  |2 eng 
700 1 |a Madaras, Martin  |4 ths  |X 96598  |7 96598 
856 4 |u http://is.stuba.sk/zp/portal_zp.pl?podrobnosti=151419